[Event "Trofeo Vedior"]
[Site "Milano ITA"]
[Date "2002.05.20"]
[Round "5"]
[White "Contin, Daniel"]
[Black "Valenti, Giuseppe"]
[Result "1-0"]
[WhiteElo "2338"]
[BlackElo "2268"]
[PlyCount "57"]
[EventDate "2002.05.16"]

1. c4 Nf6 2. Nf3 e6 3. g3 d5 4. b3 Be7 5. Bg2 O-O 6. O-O c6 7. d3 Nbd7 8. Bb2
Bd6 9. Nc3 Qe7 10. Qc2 Ba3 11. Bxa3 Qxa3 12. cxd5 exd5 13. e4 dxe4 14. dxe4 Qc5
15. b4 Qxb4 16. e5 Ng4 17. Ng5 g6 18. e6 Nde5 19. Rae1 f6 20. h3 fxg5 21. hxg4
Nf3+ 22. Bxf3 Rxf3 23. e7 Bd7 24. Ne4 Rf7 25. Nc5 Qxg4 26. Re4 Qh3 27. Rd1 Be8
28. Rd8 Rc8 29. Nxb7 1-0

[Event "Trofeo Vedior"]
[Site "Milano ITA"]
[Date "2002.05.20"]
[Round "5"]
[White "Drazic, Sinisa"]
[Black "Lanzani, Mario"]
[Result "1-0"]
[WhiteElo "2474"]
[BlackElo "2362"]
[PlyCount "107"]
[EventDate "2002.05.16"]

1. e4 c6 2. d4 d5 3. f3 e6 4. Nc3 Bb4 5. Nge2 Ne7 6. a3 Bd6 7. e5 Bc7 8. Be3 c5
9. f4 cxd4 10. Nxd4 a6 11. Bd3 Nbc6 12. Qh5 Nxd4 13. Bxd4 Bb6 14. Ne2 Bxd4 15.
Nxd4 Qb6 16. O-O-O Bd7 17. c3 Nc6 18. Bc2 Nxd4 19. Rxd4 g6 20. Qh6 Qc5 21. Qg7
Qf8 22. Qf6 Bb5 23. Rhd1 Rg8 24. g4 Qe7 25. g5 h5 26. Kb1 Rc8 27. h4 Rc7 28.
Bb3 a5 29. R1d2 Rc8 30. Bd1 Bf1 31. a4 Rc4 32. Rxc4 Bxc4 33. b3 Ba6 34. Kb2 Bf1
35. Bf3 Ba6 36. Rd1 Qc5 37. Rd2 b5 38. Bxd5 exd5 39. Qxa6 b4 40. Qb5+ Qxb5 41.
axb5 bxc3+ 42. Kxc3 Ke7 43. Rxd5 Ke6 44. Rd6+ Kf5 45. Rf6+ Kg4 46. Rxf7 Kxh4
47. e6 Re8 48. e7 Kg4 49. b6 h4 50. b7 h3 51. Rh7 Kg3 52. Kd4 h2 53. Rxh2 Kxh2
54. Kd5 1-0

[Event "Trofeo Vedior"]
[Site "Milano ITA"]
[Date "2002.05.20"]
[Round "5"]
[White "Geenen, Marc"]
[Black "Qendro, Llambi"]
[Result "1/2-1/2"]
[WhiteElo "2332"]
[BlackElo "2331"]
[PlyCount "24"]
[EventDate "2002.05.16"]

1. e4 d6 2. d4 Nf6 3. Nc3 g6 4. f4 Bg7 5. Nf3 O-O 6. Be2 c5 7. dxc5 Qa5 8. O-O
Qxc5+ 9. Kh1 Nc6 10. Bd3 a6 11. Qe1 Bg4 12. Be3 Qh5 1/2-1/2

[Event "Trofeo Vedior"]
[Site "Milano ITA"]
[Date "2002.05.20"]
[Round "5"]
[White "Straub, Peter"]
[Black "Van Hoolandt, Patrick"]
[Result "0-1"]
[WhiteElo "2096"]
[BlackElo "2157"]
[PlyCount "150"]
[EventDate "2002.05.16"]

1. e4 e5 2. Nf3 Nc6 3. Nc3 Nf6 4. g3 d5 5. exd5 Nxd5 6. Bg2 Nxc3 7. dxc3 Qxd1+
8. Kxd1 Bc5 9. Ke1 Bf5 10. Bd2 Bxc2 11. b4 Bd6 12. b5 Na5 13. Ke2 Ba4 14. Rab1
c6 15. bxc6 Bxc6 16. Rhe1 Nc4 17. Nh4 Bxg2 18. Nxg2 Nxd2 19. Kxd2 O-O-O 20. Ke2
Rd7 21. Ne3 f6 22. Nd5 Bc5 23. c4 Re8 24. Rb5 Bd4 25. a4 Re6 26. f3 Ra6 27. a5
Rc6 28. Kd3 Rc5 29. Reb1 Rxb5 30. Rxb5 a6 31. Rb1 Kb8 32. Ke4 Rd6 33. Rb4 Rc6
34. Nb6 Bc3 35. Ra4 Bxa5 36. Nd7+ Kc7 37. Nxe5 fxe5 38. Rxa5 Rxc4+ 39. Kxe5 Rc2
40. h4 Rc3 41. Ke4 Kb6 42. Rg5 Rc4+ 43. Kd3 Rc7 44. f4 a5 45. h5 a4 46. Re5 a3
47. g4 Rc5 48. Re6+ Kb5 49. h6 g6 50. f5 gxf5 51. gxf5 a2 52. Re1 Rxf5 53. Kc2
Rf6 54. Kb2 Ra6 55. Ka1 Rxh6 56. Kxa2 Rh4 57. Rb1+ Ka6 58. Ka3 b5 59. Rf1 Ka5
60. Rf3 h5 61. Kb3 Rh2 62. Rf4 Rh3+ 63. Kb2 b4 64. Rf8 Ka4 65. Ra8+ Kb5 66.
Rb8+ Kc4 67. Rc8+ Kd4 68. Rb8 b3 69. Re8 h4 70. Re7 Re3 71. Rh7 h3 72. Rh4+ Ke5
73. Rg4 Kf5 74. Rg8 Kf4 75. Rg7 Kf3 0-1

[Event "Trofeo Vedior"]
[Site "Milano ITA"]
[Date "2002.05.21"]
[Round "6"]
[White "Di Fonzo, Valerio"]
[Black "Drazic, Sinisa"]
[Result "0-1"]
[WhiteElo "2208"]
[BlackElo "2474"]
[PlyCount "136"]
[EventDate "2002.05.16"]

1. e4 e6 2. d4 c5 3. d5 exd5 4. exd5 d6 5. Nf3 Be7 6. Nc3 Nf6 7. Be2 O-O 8. O-O
Re8 9. h3 Nbd7 10. a4 a6 11. Re1 Nf8 12. a5 Ng6 13. Bf1 Bd7 14. Nd2 Qc7 15. Nc4
Bf8 16. Bg5 Rxe1 17. Qxe1 Re8 18. Qd2 Ne4 19. Nxe4 Rxe4 20. Be3 Ne5 21. Nxe5
Rxe5 22. Bf4 Re4 23. Bd3 Rd4 24. c3 Ra4 25. Bxh7+ Kh8 26. Rxa4 Bxa4 27. Be4
Qxa5 28. Qe2 g6 29. Qg4 Qd8 30. Bg5 Qe8 31. Bf6+ Kg8 32. f3 Bd7 33. Qg5 Bg7 34.
h4 Bxf6 35. Qxf6 Qe5 36. Qd8+ Be8 37. Kf2 Kf8 38. Qg5 f5 39. Bb1 Qxd5 40. h5
gxh5 41. Qf6+ Bf7 42. Bxf5 Qd2+ 43. Kg3 Qe1+ 44. Kh3 Qe5 45. Qd8+ Be8 46. g4
hxg4+ 47. Bxg4 Qe7 48. Qc8 Kg7 49. Qf5 Bg6 50. Qd5 Bf7 51. Qd2 d5 52. f4 Qf6
53. Kg3 Qd6 54. Kf2 d4 55. Bf3 b6 56. Ke1 Bg6 57. b4 d3 58. bxc5 Qxc5 59. Kd1
Qc4 60. Ke1 Qc5 61. Kd1 a5 62. Qe1 a4 63. Kd2 a3 64. Be4 Qe7 65. f5 Bxf5 66.
Qg3+ Kf8 67. Bxd3 Qd7 68. Qb8+ Kf7 0-1

[Event "Trofeo Vedior"]
[Site "Milano ITA"]
[Date "2002.05.21"]
[Round "6"]
[White "Geenen, Marc"]
[Black "Straub, Peter"]
[Result "1-0"]
[WhiteElo "2332"]
[BlackElo "2096"]
[PlyCount "67"]
[EventDate "2002.05.16"]

1. e4 c5 2. Nf3 a6 3. c4 d6 4. d4 Bg4 5. d5 g6 6. Be2 Bg7 7. Nfd2 Bc8 8. O-O e5
9. Nc3 Ne7 10. a3 O-O 11. b4 b6 12. Na4 Nd7 13. Nb3 Kh8 14. bxc5 bxc5 15. Bd2
Ng8 16. Na5 f5 17. Nc6 Qh4 18. g3 Qf6 19. f4 Ne7 20. Bc3 Bb7 21. fxe5 dxe5 22.
Nxe7 Qxe7 23. Rb1 Rab8 24. Nb6 Qd6 25. Nxd7 Qxd7 26. Qd3 Rf7 27. Rb6 Rbf8 28.
Rfb1 Bc8 29. Re6 Qd8 30. exf5 Rxf5 31. Rc6 Rf2 32. Rb8 Qg5 33. Rcxc8 Qc1+ 34.
Bd1 1-0

[Event "Trofeo Vedior"]
[Site "Milano ITA"]
[Date "2002.05.21"]
[Round "6"]
[White "Isonzo, David"]
[Black "Astengo, Corrado"]
[Result "1/2-1/2"]
[WhiteElo "2360"]
[BlackElo "2180"]
[PlyCount "23"]
[EventDate "2002.05.16"]

1. e4 c6 2. Nc3 d5 3. d4 dxe4 4. Nxe4 Bf5 5. Ng3 Bg6 6. Bc4 e6 7. N1e2 Bd6 8.
O-O Nf6 9. Nf4 Qc7 10. Nxg6 hxg6 11. Re1 Nbd7 12. c3 1/2-1/2

[Event "Trofeo Vedior"]
[Site "Milano ITA"]
[Date "2002.05.21"]
[Round "6"]
[White "Lanzani, Mario"]
[Black "Contin, Daniel"]
[Result "1/2-1/2"]
[WhiteElo "2362"]
[BlackElo "2338"]
[PlyCount "78"]
[EventDate "2002.05.16"]

1. e4 e6 2. d4 d5 3. Nc3 Bb4 4. e5 c5 5. a3 Bxc3+ 6. bxc3 Ne7 7. Nf3 Bd7 8.
dxc5 Na6 9. h4 Nxc5 10. h5 Qc7 11. h6 gxh6 12. Bd3 Nxd3+ 13. Qxd3 Rc8 14. Bd2
Rg8 15. Kf1 Nf5 16. Nd4 Nxd4 17. Qxd4 Qa5 18. Qb4 Qa6+ 19. Kg1 Qe2 20. Qf4 Rc4
21. Qe3 Re4 22. Qxe2 Rxe2 23. Be3 Rxc2 24. Bd4 Rg6 25. Rh3 b6 26. a4 Kd8 27. a5
Rb2 28. axb6 axb6 29. Rf3 Rg7 30. Ra7 Kc8 31. Re3 Rb1+ 32. Kh2 Bb5 33. Rg3 Rxg3
34. Kxg3 Bd7 35. Kf4 b5 36. Ra8+ Kc7 37. Ra7+ Kc8 38. Ra8+ Kc7 39. Ra7+ Kc8
1/2-1/2

[Event "Trofeo Vedior"]
[Site "Milano ITA"]
[Date "2002.05.21"]
[Round "6"]
[White "Qendro, Llambi"]
[Black "Valenti, Giuseppe"]
[Result "1-0"]
[WhiteElo "2331"]
[BlackElo "2268"]
[PlyCount "59"]
[EventDate "2002.05.16"]

1. d4 Nf6 2. c4 e6 3. Nf3 b6 4. g3 Ba6 5. Qa4 Be7 6. Bg2 Bb7 7. O-O O-O 8. Nc3
Ne4 9. Qc2 Nxc3 10. Qxc3 Be4 11. Rd1 d6 12. Qe3 Bb7 13. Qd3 f5 14. Bf4 Nd7 15.
Qe3 Kf7 16. Rac1 h6 17. h4 Qc8 18. c5 bxc5 19. dxc5 Nxc5 20. Rxc5 Bxf3 21. Bxd6
Bxg2 22. Rxc7 Qxc7 23. Bxc7 Bd5 24. Be5 Rfc8 25. Bxg7 f4 26. Qe5 Rg8 27. Bxh6
fxg3 28. Qh5+ Rg6 29. Rxd5 gxf2+ 30. Kf1 1-0

[Event "Trofeo Vedior"]
[Site "Milano ITA"]
[Date "2002.05.21"]
[Round "6"]
[White "Van Hoolandt, Patrick"]
[Black "Bertazzo, Giorgio"]
[Result "1/2-1/2"]
[WhiteElo "2157"]
[BlackElo "2139"]
[PlyCount "113"]
[EventDate "2002.05.16"]

1. c4 e5 2. g3 Nf6 3. Bg2 d5 4. cxd5 Nxd5 5. Nc3 Nb6 6. Nf3 Nc6 7. O-O Be7 8.
a3 Be6 9. d3 O-O 10. b4 Nd4 11. Nxd4 exd4 12. Ne4 Bd5 13. Qc2 f5 14. Nd2 Bxg2
15. Kxg2 Qd5+ 16. Nf3 c6 17. Qa2 Rad8 18. Bf4 Qxa2 19. Rxa2 Rd5 20. Rc1 Na4 21.
Rc4 Bf6 22. Rac2 Rfd8 23. h4 R8d7 24. Ng5 Nb6 25. Rc5 Na4 26. Rxd5 Rxd5 27. Bd2
Be7 28. Ne6 Kf7 29. Nf4 Rd7 30. e3 Bf6 31. Kf3 g6 32. Ke2 h6 33. Nh3 Kg7 34.
Ng1 Kh7 35. Nf3 dxe3 36. fxe3 Kg7 37. d4 Re7 38. Kd3 Re8 39. Be1 Rd8 40. b5
cxb5 41. Rc7+ Kg8 42. Bb4 Nb2+ 43. Ke2 Nc4 44. Rxb7 Re8 45. Rxb5 Nxe3 46. Kd3
Nf1 47. Bd2 Nxg3 48. Bxh6 Re7 49. Rb8+ Kh7 50. Bf8 Rd7 51. Ng5+ Bxg5 52. hxg5
Ne4 53. Bh6 Nf2+ 54. Kc4 Ng4 55. Bf8 f4 56. d5 Ne3+ 57. Kd4 1/2-1/2

[Event "Trofeo Vedior"]
[Site "Milano ITA"]
[Date "2002.05.22"]
[Round "7"]
[White "Astengo, Corrado"]
[Black "Van Hoolandt, Patrick"]
[Result "1-0"]
[WhiteElo "2180"]
[BlackElo "2157"]
[PlyCount "85"]
[EventDate "2002.05.16"]

1. e4 e5 2. Nf3 Nc6 3. Bb5 Nf6 4. O-O Bc5 5. c3 O-O 6. d4 Bb6 7. Qd3 d6 8. Bg5
h6 9. Bh4 Qe7 10. Nbd2 Nb8 11. Nc4 c6 12. Nxb6 axb6 13. Bc4 b5 14. Bb3 Nbd7 15.
Rfe1 Re8 16. Rad1 g5 17. dxe5 dxe5 18. Bg3 Nc5 19. Qe3 Nxb3 20. axb3 Be6 21.
Nxe5 Bxb3 22. Rc1 Ra2 23. Re2 Nh5 24. Ng4 Qe6 25. f3 Nxg3 26. hxg3 Rd8 27. e5
Raa8 28. Kf2 Kg7 29. Rh1 Rh8 30. Nf6 Rad8 31. Ree1 Qf5 32. g4 Qd3 33. Ne4 Qxe3+
34. Rxe3 Rd5 35. Nd6 Rd2+ 36. Re2 Rxe2+ 37. Kxe2 Kg6 38. Ke3 b6 39. Nf5 c5 40.
Nd6 Bc2 41. Ra1 h5 42. gxh5+ Kxh5 43. Rh1+ 1-0

[Event "Trofeo Vedior"]
[Site "Milano ITA"]
[Date "2002.05.22"]
[Round "7"]
[White "Bertazzo, Giorgio"]
[Black "Geenen, Marc"]
[Result "1/2-1/2"]
[WhiteElo "2139"]
[BlackElo "2332"]
[PlyCount "22"]
[EventDate "2002.05.16"]

1. e4 e5 2. Nf3 Nc6 3. Nc3 Nf6 4. Bb5 Nd4 5. Nxd4 exd4 6. e5 dxc3 7. exf6 Qxf6
8. dxc3 Qe5+ 9. Qe2 Qxe2+ 10. Bxe2 Bc5 11. Bf4 d6 1/2-1/2

[Event "Trofeo Vedior"]
[Site "Milano ITA"]
[Date "2002.05.22"]
[Round "7"]
[White "Straub, Peter"]
[Black "Qendro, Llambi"]
[Result "0-1"]
[WhiteElo "2096"]
[BlackElo "2331"]
[PlyCount "104"]
[EventDate "2002.05.16"]

1. e4 d6 2. d4 Nf6 3. Nc3 g6 4. Be3 Bg7 5. Qd2 c6 6. h3 O-O 7. Bd3 Nbd7 8. Nf3
b5 9. O-O a6 10. a4 Bb7 11. e5 Ne8 12. Bh6 c5 13. Be4 cxd4 14. Bxg7 Nxg7 15.
Bxb7 dxc3 16. Qxc3 Ra7 17. Be4 Rc7 18. Qe3 Nxe5 19. Nxe5 dxe5 20. axb5 axb5 21.
Bd3 Qd4 22. Qxd4 exd4 23. Ra5 Rb8 24. Rfa1 Ne6 25. Ra8 Rxa8 26. Rxa8+ Kg7 27.
Rb8 Nf4 28. Rxb5 Nxd3 29. cxd3 Rc1+ 30. Kh2 Rd1 31. Rb3 e5 32. Kg3 f5 33. Kf3
Rd2 34. g3 Kf6 35. h4 Ke6 36. Rb7 Rxd3+ 37. Ke2 e4 38. Rxh7 Rb3 39. Rh6 Rxb2+
40. Ke1 Rb1+ 41. Kd2 Kf7 42. h5 gxh5 43. Rxh5 Rb2+ 44. Ke1 Ke6 45. Rh6+ Kd5 46.
g4 f4 47. g5 d3 48. g6 Rb1+ 49. Kd2 Kd4 50. Rh4 Rb2+ 51. Kc1 Kc3 52. Rh3 f3 0-1

[Event "Trofeo Vedior"]
[Site "Milano ITA"]
[Date "2002.05.22"]
[Round "7"]
[White "Valenti, Giuseppe"]
[Black "Lanzani, Mario"]
[Result "1/2-1/2"]
[WhiteElo "2268"]
[BlackElo "2362"]
[PlyCount "22"]
[EventDate "2002.05.16"]

1. e4 d6 2. d4 Nf6 3. Nc3 g6 4. Nf3 Bg7 5. Be2 O-O 6. O-O Bg4 7. Be3 Nc6 8. Qd2
e5 9. dxe5 dxe5 10. Rad1 Qc8 11. Qc1 a6 1/2-1/2

[Event "Trofeo Vedior"]
[Site "Milano ITA"]
[Date "2002.05.23"]
[Round "8"]
[White "Di Fonzo, Valerio"]
[Black "Valenti, Giuseppe"]
[Result "1-0"]
[WhiteElo "2208"]
[BlackElo "2268"]
[PlyCount "79"]
[EventDate "2002.05.16"]

1. e4 c5 2. Nf3 d6 3. c3 Nf6 4. h3 e6 5. Be2 Nc6 6. d3 Be7 7. O-O O-O 8. Re1 b6
9. Bf1 Ba6 10. a4 Rc8 11. Na3 Qd7 12. Nc4 d5 13. Nce5 Nxe5 14. Nxe5 Qc7 15. Ng4
dxe4 16. dxe4 Rfd8 17. Nxf6+ Bxf6 18. Qg4 Bxf1 19. Kxf1 c4 20. Bf4 Qc6 21. Bh6
Kh8 22. Bg5 Bxg5 23. Qxg5 h6 24. Qb5 Rd2 25. Qxc6 Rxc6 26. Re2 Rd3 27. a5 b5
28. a6 Rb6 29. Rc2 Kg8 30. Ke2 Rdd6 31. Ra5 Kf8 32. e5 Rd5 33. f4 Ke7 34. Rd2
Rxd2+ 35. Kxd2 Kd7 36. Ke3 Kc6 37. Ra1 Kc7 38. g4 Rb8 39. Rd1 Rb6 40. Ra1 1-0

[Event "Trofeo Vedior"]
[Site "Milano ITA"]
[Date "2002.05.23"]
[Round "8"]
[White "Geenen, Marc"]
[Black "Astengo, Corrado"]
[Result "1-0"]
[WhiteElo "2332"]
[BlackElo "2180"]
[PlyCount "23"]
[EventDate "2002.05.16"]

1. e4 e6 2. Nf3 d5 3. Nc3 dxe4 4. Nxe4 Bd7 5. Ne5 Nf6 6. Ng5 Qe7 7. Ngxf7 Rg8
8. d4 Nc6 9. Nxc6 Bxc6 10. Ne5 Qb4+ 11. c3 Qb6 12. Nc4 1-0

[Event "Trofeo Vedior"]
[Site "Milano ITA"]
[Date "2002.05.23"]
[Round "8"]
[White "Qendro, Llambi"]
[Black "Lanzani, Mario"]
[Result "1/2-1/2"]
[WhiteElo "2331"]
[BlackElo "2362"]
[PlyCount "23"]
[EventDate "2002.05.16"]

1. d4 Nf6 2. c4 e6 3. Nc3 Bb4 4. Qc2 O-O 5. a3 Bxc3+ 6. Qxc3 b6 7. Bg5 Bb7 8.
e3 h6 9. Bh4 c5 10. f3 d5 11. Rd1 Nbd7 12. Nh3 1/2-1/2

[Event "Trofeo Vedior"]
[Site "Milano ITA"]
[Date "2002.05.23"]
[Round "8"]
[White "Van Hoolandt, Patrick"]
[Black "Drazic, Sinisa"]
[Result "0-1"]
[WhiteElo "2157"]
[BlackElo "2474"]
[PlyCount "82"]
[EventDate "2002.05.16"]

1. c4 Nf6 2. g3 c6 3. Nf3 d5 4. b3 dxc4 5. bxc4 e5 6. Nc3 Bc5 7. Bg2 O-O 8. O-O
Re8 9. Qc2 h6 10. d3 Nbd7 11. Bb2 Qe7 12. Nd2 Nf8 13. Rab1 Rb8 14. Nce4 Nxe4
15. Nxe4 Bb6 16. c5 Bc7 17. Qa4 a6 18. Ba3 Rd8 19. Nd6 b5 20. Nxc8 Rbxc8 21.
Qe4 Ba5 22. f4 Bc3 23. Kh1 a5 24. fxe5 Ne6 25. Bb2 Nxc5 26. Qf5 Na4 27. Bc1
Bxe5 28. Bd2 Nc3 29. Rbe1 b4 30. Qg4 Qd6 31. Qf5 Rc7 32. Be3 c5 33. g4 Re8 34.
g5 h5 35. Qf3 g6 36. Rc1 Bxh2 37. d4 cxd4 38. Bxd4 Qxd4 39. Kxh2 Qh4+ 40. Bh3
Rxe2+ 41. Kh1 Rce7 0-1

[Event "Trofeo Vedior"]
[Site "Milano ITA"]
[Date "2002.05.24"]
[Round "9"]
[White "Astengo, Corrado"]
[Black "Straub, Peter"]
[Result "1-0"]
[WhiteElo "2180"]
[BlackElo "2096"]
[PlyCount "91"]
[EventDate "2002.05.16"]

1. e4 c5 2. Nf3 a6 3. Nc3 d6 4. d4 Bg4 5. dxc5 Bxf3 6. Qxf3 dxc5 7. Be3 e6 8.
Bc4 Nc6 9. O-O Nf6 10. Rad1 Qc8 11. Qg3 b5 12. Be2 g6 13. e5 Nd7 14. f4 Ne7 15.
Bg4 h5 16. Bh3 Nf5 17. Qf2 c4 18. Ne4 Nxe3 19. Qxe3 Bc5 20. Nxc5 Qxc5 21. Kf2
Qxe3+ 22. Kxe3 O-O-O 23. Rd6 Nb8 24. Rfd1 Rxd6 25. Rxd6 Rd8 26. Rxd8+ Kxd8 27.
g3 Kc7 28. Kd4 Kb6 29. Bg2 Nd7 30. a4 bxa4 31. Kxc4 a5 32. Bf3 Nc5 33. c3 Nb3
34. Bd1 Nc5 35. Bc2 Kc6 36. h3 Kb6 37. g4 hxg4 38. hxg4 Kc6 39. f5 gxf5 40.
gxf5 exf5 41. Bxf5 Nb3 42. Be4+ Kd7 43. Bd5 Ke7 44. Kb5 Nc1 45. Bc4 Nb3 46.
Bxb3 1-0

[Event "Trofeo Vedior"]
[Site "Milano ITA"]
[Date "2002.05.24"]
[Round "9"]
[White "Contin, Daniel"]
[Black "Van Hoolandt, Patrick"]
[Result "1-0"]
[WhiteElo "2338"]
[BlackElo "2157"]
[PlyCount "99"]
[EventDate "2002.05.16"]

1. Nf3 e6 2. e4 d5 3. e5 c5 4. d4 Nc6 5. Bd3 cxd4 6. O-O h5 7. h4 Nh6 8. a3 Be7
9. g3 Nf5 10. Re1 g6 11. b4 b6 12. Nbd2 Bd7 13. Nb3 Qc7 14. Qe2 a5 15. b5 Nd8
16. Bb2 Rc8 17. Nbxd4 Nxd4 18. Nxd4 Nb7 19. Rac1 Nc5 20. Nc6 Bxc6 21. bxc6 Na4
22. c4 Nxb2 23. Qxb2 dxc4 24. Bxc4 O-O 25. Bb5 Bc5 26. Rcd1 Rcd8 27. Rd7 Rxd7
28. cxd7 Rd8 29. Rd1 Qb7 30. Qc3 Qe4 31. a4 Kg7 32. Re1 Qd5 33. Re2 Qd4 34. Qe1
Qd5 35. Rd2 Qf3 36. Rd3 Qg4 37. Kg2 Qb4 38. Qe2 Kf8 39. Qf3 Be7 40. Re3 Kg7 41.
Re4 Qd2 42. Rf4 Rf8 43. Qc6 Bd8 44. Qe4 Bc7 45. Bd3 Qc3 46. Rf6 Rd8 47. Rxf7+
Kxf7 48. Qxg6+ Kf8 49. Qh6+ Kf7 50. Bg6+ 1-0

[Event "Trofeo Vedior"]
[Site "Milano ITA"]
[Date "2002.05.24"]
[Round "9"]
[White "Drazic, Sinisa"]
[Black "Geenen, Marc"]
[Result "1-0"]
[WhiteElo "2474"]
[BlackElo "2332"]
[PlyCount "89"]
[EventDate "2002.05.16"]

1. d4 d5 2. Bg5 f6 3. Bh4 Nh6 4. f3 c5 5. dxc5 e5 6. Bf2 d4 7. e3 Bxc5 8. exd4
Bxd4 9. Bxd4 exd4 10. Bb5+ Nc6 11. c3 O-O 12. Ne2 Re8 13. cxd4 Nf5 14. O-O Ne3
15. Qb3+ Kh8 16. Rf2 Nxd4 17. Nxd4 Qxd4 18. Rd2 Qc5 19. Bxe8 Nc2+ 20. Kf1 Nxa1
21. Qc3 Qxc3 22. Nxc3 Bf5 23. Ba4 a6 24. g4 Bg6 25. Bd1 b5 26. f4 b4 27. Nd5
Rd8 28. Ke1 a5 29. Ne3 Rxd2 30. Kxd2 Bb1 31. a3 Ba2 32. axb4 axb4 33. Kd3 Kg8
34. Kd4 Kf7 35. Kc5 b3 36. Kd4 Ke6 37. Kc3 g5 38. fxg5 fxg5 39. Nf1 Ke5 40. Nd2
Kf4 41. Nxb3 Nxb3 42. Bxb3 Bb1 43. Bd1 Ke3 44. Bc2 Ba2 45. Bxh7 1-0

[Event "Trofeo Vedior"]
[Site "Milano ITA"]
[Date "2002.05.24"]
[Round "9"]
[White "Lanzani, Mario"]
[Black "Di Fonzo, Valerio"]
[Result "1/2-1/2"]
[WhiteElo "2362"]
[BlackElo "2208"]
[PlyCount "155"]
[EventDate "2002.05.16"]

1. e4 Nc6 2. Nc3 Nf6 3. d4 d6 4. f4 Bg4 5. Be2 Bxe2 6. Ngxe2 e6 7. O-O d5 8. e5
Nd7 9. f5 Qe7 10. fxe6 fxe6 11. Nf4 O-O-O 12. Nce2 Nb6 13. Nh3 Re8 14. c3 Qd7
15. Nef4 g6 16. Qg4 Nd8 17. Nd3 Qb5 18. Qg3 Be7 19. Bg5 Bxg5 20. Nxg5 Nd7 21.
a4 Qc4 22. Nf4 h6 23. Nf3 g5 24. Nh5 Rhf8 25. Qe1 Qd3 26. Ng3 Rf7 27. h3 Ref8
28. Qe2 Qxe2 29. Nxe2 Nc6 30. Ng3 Nd8 31. a5 a6 32. b4 c6 33. Nh5 Kc7 34. Rfe1
Rg8 35. Nh2 Rg6 36. Ng4 Rf8 37. Rf1 Rxf1+ 38. Rxf1 b6 39. Ra1 Rg8 40. axb6+
Kxb6 41. Nhf6 Nxf6 42. exf6 Nf7 43. Ne5 Nxe5 44. dxe5 Rf8 45. Kf2 Rd8 46. Ke3
Rd7 47. Kd4 Rf7 48. g4 Kb5 49. Ra5+ Kb6 50. c4 h5 51. Ra1 h4 52. Rf1 Rf8 53.
cxd5 cxd5 54. Rc1 Rd8 55. Rc5 Rf8 56. Rc1 Rd8 57. Rf1 Rf8 58. Kc3 Rc8+ 59. Kb3
Rf8 60. Ka4 Rf7 61. Rb1 d4 62. Rd1 Rd7 63. f7 Rxf7 64. Rxd4 Rf3 65. Rd6+ Kb7
66. Rxe6 Rxh3 67. Rg6 Rg3 68. Rxg5 Kc6 69. Rg6+ Kd7 70. e6+ Kd6 71. g5 h3 72.
Rh6 Rxg5 73. Rxh3 Kxe6 74. Rh6+ Kd7 75. Rxa6 Kc7 76. b5 Kb7 77. Rh6 Rg1 78.
Rh7+ 1/2-1/2

[Event "Trofeo Vedior"]
[Site "Milano ITA"]
[Date "2002.05.25"]
[Round "10"]
[White "Bertazzo, Giorgio"]
[Black "Astengo, Corrado"]
[Result "1/2-1/2"]
[WhiteElo "2139"]
[BlackElo "2180"]
[PlyCount "42"]
[EventDate "2002.05.16"]

1. e4 c5 2. Nf3 d6 3. d4 cxd4 4. Nxd4 Nf6 5. Nc3 a6 6. Bg5 e6 7. f4 Qc7 8. Qf3
b5 9. Bxf6 gxf6 10. e5 Bb7 11. Qh5 b4 12. Nxe6 Qc8 13. Bb5+ axb5 14. Nxb5 Qxc2
15. Nbc7+ Kd7 16. Qxf7+ Be7 17. exf6 Qe4+ 18. Kd1 Qd3+ 19. Ke1 Qe4+ 20. Kd1
Qd3+ 21. Ke1 Qe4+ 1/2-1/2

[Event "Trofeo Vedior"]
[Site "Milano ITA"]
[Date "2002.05.25"]
[Round "10"]
[White "Geenen, Marc"]
[Black "Contin, Daniel"]
[Result "1/2-1/2"]
[WhiteElo "2332"]
[BlackElo "2338"]
[PlyCount "22"]
[EventDate "2002.05.16"]

1. e4 c5 2. Nf3 d6 3. d4 cxd4 4. Nxd4 Nf6 5. Nc3 a6 6. Bg5 e6 7. f4 Be7 8. Qf3
Qc7 9. O-O-O Nbd7 10. Bd3 h6 11. Bh4 g5 1/2-1/2

[Event "Trofeo Vedior"]
[Site "Milano ITA"]
[Date "2002.05.25"]
[Round "10"]
[White "Straub, Peter"]
[Black "Drazic, Sinisa"]
[Result "1/2-1/2"]
[WhiteElo "2096"]
[BlackElo "2474"]
[PlyCount "35"]
[EventDate "2002.05.16"]

1. e4 e6 2. d4 d5 3. exd5 exd5 4. Bd3 Bd6 5. Ne2 Nc6 6. c3 Nf6 7. Bf4 O-O 8.
O-O Bg4 9. Bxd6 Qxd6 10. h3 Bxe2 11. Qxe2 Rfe8 12. Qc2 Ne7 13. Nd2 Ng6 14. Bxg6
hxg6 15. Rae1 a5 16. a4 b6 17. g3 Qd7 18. Kg2 1/2-1/2

[Event "Trofeo Vedior"]
[Site "Milano ITA"]
[Date "2002.05.26"]
[Round "11"]
[White "Astengo, Corrado"]
[Black "Qendro, Llambi"]
[Result "1/2-1/2"]
[WhiteElo "2180"]
[BlackElo "2331"]
[PlyCount "162"]
[EventDate "2002.05.16"]

1. e4 d6 2. d4 Nf6 3. Nc3 g6 4. g3 Bg7 5. Bg2 O-O 6. Nge2 c6 7. a4 e5 8. O-O
Na6 9. h3 Be6 10. b3 d5 11. Ba3 Re8 12. dxe5 Nxe4 13. f4 Qb6+ 14. Kh2 Rad8 15.
a5 Nxc3 16. Qe1 Qe3 17. Nxc3 Qxe1 18. Raxe1 Bf5 19. Re2 d4 20. Ne4 Bxe4 21.
Bxe4 Bf8 22. Bxf8 Kxf8 23. Rd1 Nc5 24. b4 Na4 25. Red2 Nc3 26. Re1 a6 27. Bd3
f6 28. e6 Ke7 29. Bc4 Rd6 30. g4 Nd5 31. Rxd4 Nxb4 32. Rxd6 Kxd6 33. Rd1+ Nd5
34. f5 gxf5 35. gxf5 Ke5 36. Bd3 Ne3 37. Re1 Kf4 38. Re2 c5 39. Rf2+ Ke5 40.
Rf3 Nd5 41. Kg3 Rc8 42. Rf2 c4 43. Re2+ Kd4 44. Re4+ Kc3 45. Bf1 Ne7 46. Kg4
Rc5 47. Rf4 Kb4 48. Bg2 Kxa5 49. Bxb7 Kb6 50. Be4 Re5 51. c3 a5 52. Bc2 Nd5 53.
Re4 Rxe4+ 54. Bxe4 Ne7 55. Kh5 Ng8 56. Bb1 a4 57. Kg4 Kc5 58. Kf4 Ne7 59. Kg4
Kd6 60. Ba2 Nd5 61. Kf3 Nxc3 62. Bxc4 a3 63. Kg4 Nd1 64. Ba2 Nf2+ 65. Kg3 Ne4+
66. Kg4 Ke7 67. Kh5 Ng5 68. h4 Nf3 69. Kg4 Nd4 70. Bc4 Kf8 71. Bd5 Nc2 72. Bb3
Nb4 73. Kh5 a2 74. Bxa2 Nxa2 75. Kh6 Kg8 76. h5 Nb4 77. e7 Kf7 78. Kxh7 Nd5 79.
e8=Q+ Kxe8 80. Kg7 Ne7 81. Kxf6 Nxf5 1/2-1/2

[Event "Trofeo Vedior"]
[Site "Milano ITA"]
[Date "2002.05.26"]
[Round "11"]
[White "Contin, Daniel"]
[Black "Straub, Peter"]
[Result "1/2-1/2"]
[WhiteElo "2338"]
[BlackElo "2096"]
[PlyCount "31"]
[EventDate "2002.05.16"]

1. e4 c5 2. Nf3 e6 3. d4 cxd4 4. Nxd4 a6 5. Bd3 Nf6 6. O-O d6 7. c4 Bd7 8. Nc3
Nc6 9. Nxc6 Bxc6 10. Qe2 Be7 11. Bf4 O-O 12. Rad1 Nd7 13. Bc2 Qc7 14. Rd2 b6
15. Rfd1 Ne5 16. b4 1/2-1/2

[Event "Trofeo Vedior"]
[Site "Milano ITA"]
[Date "2002.05.26"]
[Round "11"]
[White "Di Fonzo, Valerio"]
[Black "Isonzo, David"]
[Result "0-1"]
[WhiteElo "2208"]
[BlackElo "2360"]
[PlyCount "36"]
[EventDate "2002.05.16"]

1. e4 e6 2. d4 d5 3. Nc3 Bb4 4. e5 c5 5. Bd2 cxd4 6. Nb5 Bc5 7. Qg4 Ne7 8. Qxg7
Rg8 9. Qxh7 Nbc6 10. Nf3 a6 11. Nd6+ Bxd6 12. exd6 Qxd6 13. O-O-O e5 14. c3 Bf5
15. Qh6 Nb4 16. Bc4 Qc7 17. Nxe5 Qxc4 18. b3 dxc3 0-1

[Event "C.to Regionale Veneto"]
[Site "Arqua' Petrarca ITA"]
[Date "2002.05.??"]
[Round "1"]
[White "Bettera, Roberto"]
[Black "Caruso, Augusto"]
[Result "0-1"]
[WhiteElo "1594"]
[BlackElo "2251"]
[PlyCount "116"]
[EventDate "2002.05.04"]

1. d4 e6 2. c4 f5 3. Nf3 Nf6 4. g3 d6 5. Bg2 Be7 6. O-O O-O 7. b3 Qe8 8. Bb2
Qh5 9. Nbd2 Nc6 10. Qc2 g5 11. e3 f4 12. exf4 gxf4 13. Ne4 e5 14. dxe5 Nxe5 15.
Nxe5 dxe5 16. gxf4 exf4 17. Nxf6+ Bxf6 18. Bd5+ Kg7 19. f3 Qg6+ 20. Qxg6+ hxg6
21. Bxf6+ Kxf6 22. Rad1 Rd8 23. Kf2 c6 24. Be4 Bf5 25. Ke2 Re8 26. Rd4 Bxe4 27.
Rxe4 Rxe4+ 28. fxe4 Ke5 29. Rg1 Rh8 30. Kf3 Rh3+ 31. Kg2 Rd3 32. Kf2 Kxe4 33.
Rxg6 Rd2+ 34. Kg1 Rxa2 35. h4 Rb2 36. h5 Rxb3 37. Kg2 Rb2+ 38. Kg1 Rb3 39. Kg2
f3+ 40. Kf2 Rb2+ 41. Kg1 Kf5 42. Rg7 Rg2+ 43. Rxg2 fxg2 44. h6 Kg6 45. h7 Kxh7
46. Kxg2 b5 47. cxb5 cxb5 48. Kf3 a5 49. Ke3 b4 50. Kd3 Kg6 51. Kc4 Kf5 52. Kb3
Ke4 53. Kc4 Ke3 54. Kb3 Kd3 55. Kb2 Kc4 56. Ka2 Kc3 57. Ka1 b3 58. Kb1 b2 0-1